• 首页
  • 本馆介绍
  • 公告通知
  • 最新文献
  • 馆藏检索
  • 电子资源
  • 读者荐购
  • 参考咨询
  • CALIS
  • 我的图书馆
  • 登录
  • 详细信息显示
  • 放入我的书架
  • 预约/预借图书
  • 作者相关作品
  • 分类相关作品
  • 丛书相关作品
  • 出版社相关作品

书目信息

  • 表格格式
  • 工作单格式
  • 卡片格式
题名:
讲食集
    
 
作者: 陈梦因 著
分册:  
出版信息: 天津   百花文艺出版社  2008.04
页数: 191页, [6] 页图版
开本: 23cm
丛书名: 特级校对 (陈梦因) 食文化精品系列
单 册:
中图分类: TS971
科图分类:
主题词: 饮食--yin shi--文化--中国
电子资源:
ISBN: 978-7-5306-4874-2
 
 
 
 
 
000 00946nam 2200253 450
001 012009101877
005 20090430084018.59
010    @a978-7-5306-4874-2@dCNY28.00
100    @a20090430d2008 em y0chiy0120 ea
101 0  @achi
102    @aCN@b120000
105    @aacf z 000yy
106    @ar
200 1  @a讲食集@Ajiang shi ji@f特级校对 (陈梦因) 著@Fte ji jiao dui(chen meng yin)zhu
210    @a天津@c百花文艺出版社@d2008.04
215    @a191页, [6] 页图版@c图, 肖像@d23cm
225 2  @a特级校对 (陈梦因) 食文化精品系列@Ate ji jiao dui(chen meng yin)shi wen hua jing pin xi lie
330    @a本书收录的文章,一类是比较系统地阐述了中华饮食文化的某些特点,探讨在当代环境下需要创造更新的趋势,书中所论,推陈出新。
410  0 @12001 @a特级校对 (陈梦因) 食文化精品系列
606 0  @a饮食@Ayin shi@x文化@y中国
690    @aTS971@v4
701  0 @a陈梦因@Achen meng yin@4著
801  0 @aCN@bQSSK@c20090430
905    @b738547-49@dTS971@eC518@f3
    
    讲食集/特级校对 (陈梦因) 著.-天津:百花文艺出版社,2008.04
    191页, [6] 页图版:图, 肖像;23cm.-(特级校对 (陈梦因) 食文化精品系列)
    
    
    ISBN 978-7-5306-4874-2:CNY28.00
    本书收录的文章,一类是比较系统地阐述了中华饮食文化的某些特点,探讨在当代环境下需要创造更新的趋势,书中所论,推陈出新。
●
相关链接 在E读中查询图书 在当当中查询图书 在豆瓣中查询图书


正题名:讲食集     索取号:TS971/C518         预约/预借

序号 登录号 条形码 馆藏地/架位号 状态 备注
1 738547   207385471   自科库501/501自科库 44排3列1层/ [索取号:TS971/C518] 在馆    
2 738548   207385480   自科库501/501自科库 44排3列1层/ [索取号:TS971/C518] 在馆    
3 738549   207385499   自科库501/501自科库 44排3列1层/ [索取号:TS971/C518] 在馆    
河南城建学院图书馆 欢迎您!
大连网信软件有限公司© 版权所有